000 00872nam a22002057a 4500
005 20170613100804.0
010 _a1617EN
020 _a9788126558704
_c499.00
035 _aB-651124-158
035 _aB-667452
037 _adpl
_bBSB
082 _a000
245 _aSolved 15 year's JEE main :
_bphysics + chemistry + mathematics papers /
260 _aNew Delhi
_bWilley
_c2015
270 _a4435/24, Ansari Road, Darya Ganj,
_bNew Delhi
_e110002
300 _aix,761p.
_c27cm(pbk)
942 _2ddc
_cEN
_mSOL
_h000
999 _c102534
_d102534